Echelle de mots : de la Main au Pied - Statistiques

Statistiques générales
  • Ce quiz a été pris 1 209 fois
  • Le résultat moyen est 18 sur 25
Statistiques - réponses
Indice Réponse % Correct
Extrémité membre supérieur Main
99%
Arbre de Noël Sapin
92%
Manger équilibré Sain
91%
Extrémité membre inférieur (Ajoutez une lettre) Pied
84%
Matière de luxe (Ajoutez une lettre) Satin
83%
Oiseau voleur Pie
82%
Loin d'être généreux Radin
81%
Bon copain (Enlevez une lettre) Ami
80%
Femme du canard Cane
80%
Partie spirituel d'un corps Ame
79%
Formule de salut romain Ave
78%
Bâton (Ajoutez une lettre) Canne
78%
Rangement souterrain (Ajoutez une lettre) Cave
77%
Mauvaise odeur Pue
76%
Se plonger dans l'eau Bain
74%
Content (Enlevez une lettre) Ravi
73%
Falaise raide Ravin
73%
Liquide bactérien d'une plaie Pus
72%
Jeu de cartes Rami
71%
Hors service Panne
67%
Peintre apprenti Rapin
63%
Remplie en mangeant Panse
48%
Entre deux appuis (Enlevez une lettre) Pas
38%
Obligatoire dans un sport collectif Passe
35%
Permet d'accéder à quelque chose (Enlevez une lettre) Pass
33%
Aucun quiz correspondant
Distribution des résultats
% des personnes avec chaque résultat
Percentile par nombre de réponses
Votre historique - résultats
Vous n’avez pas pris ce quiz